Tres notes experimentals sobre fisiologia vegetal / per A. Oriol i Anguera
Descripción Física:
P. 168-176 ; 22 cm
Materias:
Fisiologia vegetal
MARC
| LEADER | 00000nam a2200000Ia 4500 | ||
|---|---|---|---|
| 001 | 15257 | ||
| 008 | 160829s1934 xx 000 0 cat d | ||
| 080 | |a RF-12-11 | ||
| 100 | |a Oriol Anguera, A. |9 42535 | ||
| 245 | |a Tres notes experimentals sobre fisiologia vegetal / per A. Oriol i Anguera | ||
| 260 | |a Barcelona : |b [Institució Catalana d'Història Natural], |c 1934 | ||
| 300 | |a P. 168-176 ; |c 22 cm | ||
| 590 | |a Extret del Butlletí de la Institució Catalana d'Història Natural, vol. 34, núms. 6-7 (1934). | ||
| 590 | |a Prové de R-862 | ||
| 650 | |a Fisiologia vegetal |9 46872 | ||
| 856 | 4 | |u https://media.diba.cat/diba/fitxers/arxiu/fulletons/bib_15257_1934_baixa.pdf |y Accés lliure | |
| 856 | 4 | |u https://media.diba.cat/diba/fitxers/arxiu/fulletons/bib_15257_1934_baixa.pdf |y Accés lliure | |
| 901 | |a Arxiu | ||
| 942 | |n 1 |2 udc | ||
| 952 | |0 0 |1 0 |4 0 |6 RF1211 |7 1 |9 53504 |a Arxiu |b Arxiu |d 2016-12-01 |l 0 |o RF-12-11 |p 15257 |r 2016-12-01 00:00:00 |w 2016-12-01 |y ARXIU | ||
| 999 | |c 57370 |d 57370 | ||
| 900 | |a bib_15257_1934_baixa.pdf | ||